[Event "Liga Madrileña - DH 2012-2013"]
[Site "Madrid ESP"]
[Date "2013.01.13"]
[Round "5.21"]
[White "Candela Perez, Jose"]
[Black "Anton Guijarro, David"]
[Result "1/2-1/2"]
[WhiteElo "2393"]
[BlackElo "2559"]
[PlyCount "96"]
[EventDate "2012.11.18"]
[EventRounds "14"]
[EventCountry "ESP"]
[Source "lmi"]
[SourceDate "2012.11.18"]
[WhiteTeam "Casa del Ajedrez"]
[BlackTeam "Virgen de Atocha"]
[WhiteTeamCountry "ESP"]
[BlackTeamCountry "ESP"]

1. d4 Nf6 2. c4 e6 3. Nf3 b6 4. a3 Be7 5. Nc3 d5 6. cxd5 exd5 7. Qa4+ Bd7 8.
Qb3 Be6 9. g3 O-O 10. Ng5 c5 11. Nxe6 fxe6 12. Bh3 Nc6 13. Bxe6+ Kh8 14. e3
cxd4 15. Nxd5 Ne4 16. Nf4 Nc5 17. Qd5 Qe8 18. O-O Rd8 19. Qa2 d3 20. Bd2 Bg5
21. Bd5 Bxf4 22. gxf4 Ne7 23. Bg2 Nf5 24. f3 Rf6 25. b4 Ne6 26. Bh3 Qg6+ 27.
Kh1 Qh6 28. Bxf5 Rxf5 29. Rac1 Rff8 30. Rc6 Qh3 31. Qa1 Rc8 32. Rc3 Rxc3 33.
Bxc3 Rc8 34. Rf2 h6 35. Qb2 Qf5 36. Qb3 b5 37. Kg1 Rc4 38. Rg2 Qd5 39. Rf2 Kh7
40. Kg2 g5 41. Be5 g4 42. Kg3 Ng5 43. e4 Qe6 44. Qxd3 gxf3 45. fxg5 Qxe5+ 46.
Kh3 Qe6+ 47. Kg3 Qe5+ 48. Kh3 Qe6+ 1/2-1/2

[Event "Liga Madrileña - DH 2012-2013"]
[Site "Madrid ESP"]
[Date "2013.01.13"]
[Round "5.22"]
[White "Arribas Lopez, Angel"]
[Black "Gallego Jimenez, Victoriano"]
[Result "1-0"]
[WhiteElo "2477"]
[BlackElo "2385"]
[PlyCount "83"]
[EventDate "2012.11.18"]
[EventRounds "14"]
[EventCountry "ESP"]
[Source "lmi"]
[SourceDate "2012.11.18"]
[WhiteTeam "Virgen de Atocha"]
[BlackTeam "Casa del Ajedrez"]
[WhiteTeamCountry "ESP"]
[BlackTeamCountry "ESP"]

1. e4 c5 2. Nf3 Nc6 3. d4 cxd4 4. Nxd4 Qb6 5. Nb3 Nf6 6. Nc3 e6 7. Be3 Qc7 8.
f3 Bb4 9. Qd2 d5 10. a3 Bxc3 11. Qxc3 dxe4 12. fxe4 O-O 13. Nd2 b6 14. Bb5 Bb7
15. O-O Qe5 16. Qxe5 Nxe5 17. Bd4 Rfd8 18. c3 Nc6 19. Bxc6 Bxc6 20. e5 Ng4 21.
Nc4 Bb5 22. Rf4 Bxc4 23. Rxg4 Bd3 24. a4 Rd5 25. Kf2 Rf8 26. Ke3 Bg6 27. c4 Rd7
28. a5 Rc8 29. axb6 axb6 30. Rc1 Rc6 31. b4 h5 32. Rxg6 fxg6 33. b5 Rc8 34.
Bxb6 Ra8 35. Bc5 Rc8 36. Bd6 Rb7 37. Kd4 Ra8 38. Rb1 Ra4 39. Kc3 Kf7 40. c5 Ke8
41. c6 Rf7 42. b6 1-0

[Event "Liga Madrileña - DH 2012-2013"]
[Site "Madrid ESP"]
[Date "2013.01.13"]
[Round "5.23"]
[White "Rojo Huerta, Gabriel"]
[Black "Almagro Llanas, Pablo"]
[Result "1/2-1/2"]
[WhiteElo "2356"]
[BlackElo "2442"]
[PlyCount "33"]
[EventDate "2012.11.18"]
[EventRounds "14"]
[EventCountry "ESP"]
[Source "lmi"]
[SourceDate "2012.11.18"]
[WhiteTeam "Casa del Ajedrez"]
[BlackTeam "Virgen de Atocha"]
[WhiteTeamCountry "ESP"]
[BlackTeamCountry "ESP"]

1. d4 Nf6 2. c4 e6 3. Nc3 Bb4 4. Nf3 c5 5. g3 O-O 6. Bg2 Bxc3+ 7. bxc3 Qa5 8.
Qd3 d6 9. O-O Nc6 10. d5 exd5 11. cxd5 c4 12. Qxc4 Nxd5 13. Bd2 Nf6 14. Qf4 Nd5
15. Qh4 Nde7 16. Qf4 Ng6 17. Qg5 1/2-1/2

[Event "Liga Madrileña - DH 2012-2013"]
[Site "Madrid ESP"]
[Date "2013.01.13"]
[Round "5.24"]
[White "Rudolf, Anna"]
[Black "Elguezabal Varela, Daniel"]
[Result "1/2-1/2"]
[WhiteElo "2324"]
[BlackElo "2366"]
[PlyCount "34"]
[EventDate "2012.11.18"]
[EventRounds "14"]
[EventCountry "ESP"]
[Source "lmi"]
[SourceDate "2012.11.18"]
[WhiteTeam "Virgen de Atocha"]
[BlackTeam "Casa del Ajedrez"]
[WhiteTeamCountry "ESP"]
[BlackTeamCountry "ESP"]

1. e4 c5 2. Nf3 Nc6 3. Bb5 e5 4. O-O Nge7 5. c3 g6 6. d4 cxd4 7. cxd4 exd4 8.
Nxd4 Bg7 9. Be3 O-O 10. Nc3 d5 11. exd5 Nxd5 12. Nxd5 Qxd5 13. Nxc6 Qxb5 14.
Nxa7 Qxb2 15. Nxc8 Rfxc8 16. Rb1 Qxa2 17. Rxb7 Rd8 1/2-1/2

[Event "Liga Madrileña - DH 2012-2013"]
[Site "Madrid ESP"]
[Date "2013.01.13"]
[Round "5.25"]
[White "Suarez Uriel, Adrian"]
[Black "Vazquez Torres, Adrian"]
[Result "0-1"]
[WhiteElo "2241"]
[BlackElo "2205"]
[PlyCount "123"]
[EventDate "2012.11.18"]
[EventRounds "14"]
[EventCountry "ESP"]
[Source "lmi"]
[SourceDate "2012.11.18"]
[WhiteTeam "Casa del Ajedrez"]
[BlackTeam "Virgen de Atocha"]
[WhiteTeamCountry "ESP"]
[BlackTeamCountry "ESP"]

1. e4 e5 2. Nf3 Nc6 3. Nc3 Nf6 4. d4 exd4 5. Nxd4 Nxd4 6. Qxd4 d6 7. Bc4 Be7 8.
h3 O-O 9. Bf4 a6 10. a4 Be6 11. O-O Nd7 12. Bd5 Bf6 13. Qb4 Nc5 14. Be3 Qe7 15.
Bxc5 dxc5 16. Qxb7 Rab8 17. Qxa6 Rxb2 18. Qd3 c4 19. Qxc4 Rxc2 20. Rac1 Rxc1
21. Rxc1 Bd7 22. Ne2 Qa3 23. Bc6 Be6 24. Qc5 Qb2 25. Bb5 g6 26. f4 c6 27. Bc4
Bd8 28. Kh2 Bb6 29. Qe5 Qxe5 30. fxe5 Bc7 31. Bxe6 Bxe5+ 32. Kg1 fxe6 33. Rxc6
Kf7 34. Kf2 Re8 35. Rc4 Kf6 36. Ke3 Rb8 37. Nc1 Rb2 38. Ne2 Rb3+ 39. Kd2 Ra3
40. h4 h5 41. Kd1 Ra2 42. Ke1 Ra1+ 43. Kf2 Ra3 44. Rb4 Bd6 45. Rc4 Be5 46. Ke1
Ra2 47. Rb4 Bc7 48. Rc4 Ba5+ 49. Kf2 Bb6+ 50. Kf3 Ra3+ 51. Rc3 Rxa4 52. Nf4 Bd4
53. Rc6 Ra3+ 54. Ke2 Re3+ 55. Kd2 Rxe4 56. g3 Kf5 57. Rc8 Be3+ 58. Kd3 Bxf4 59.
Rf8+ Ke5 60. gxf4+ Rxf4 61. Rg8 Kf5 62. Rf8+ 0-1

[Event "Liga Madrileña - DH 2012-2013"]
[Site "Madrid ESP"]
[Date "2013.01.13"]
[Round "5.26"]
[White "Rodrigo Yanguas, Maria"]
[Black "Collado Barbas, Laura"]
[Result "1-0"]
[WhiteElo "2187"]
[BlackElo "2151"]
[PlyCount "85"]
[EventDate "2012.11.18"]
[EventRounds "14"]
[EventCountry "ESP"]
[Source "lmi"]
[SourceDate "2012.11.18"]
[WhiteTeam "Virgen de Atocha"]
[BlackTeam "Casa del Ajedrez"]
[WhiteTeamCountry "ESP"]
[BlackTeamCountry "ESP"]

1. e4 e6 2. d4 d5 3. Nd2 Nf6 4. e5 Nfd7 5. Bd3 c5 6. c3 Nc6 7. Ne2 cxd4 8. cxd4
f6 9. exf6 Nxf6 10. Nf3 Bd6 11. O-O Qc7 12. g3 O-O 13. Bf4 Ne4 14. Bxd6 Qxd6
15. Nc3 Nxc3 16. bxc3 e5 17. Nxe5 Nxe5 18. dxe5 Qxe5 19. Qb3 Kh8 20. Rae1 Qd6
21. Re3 Bh3 22. Rfe1 Qf6 23. Qc2 h6 24. Bf1 Bf5 25. Qb2 Rac8 26. Qxb7 Rxc3 27.
Qxd5 Bg4 28. Qd2 Rcc8 29. Re7 a5 30. Bg2 Rcd8 31. Qe3 Qb2 32. h3 Bc8 33. Re2
Qa1+ 34. Kh2 Ba6 35. Rc2 Qf6 36. Qe5 Qxe5 37. Rxe5 a4 38. Ra5 Bd3 39. Rd2 Rd4
40. Bf1 Bxf1 41. Rxd4 Rxf2+ 42. Kg1 Rf3 43. Rf4 1-0

[Event "Liga Madrileña - DH 2012-2013"]
[Site "Madrid ESP"]
[Date "2013.01.13"]
[Round "5.31"]
[White "Moreno Trujillo, Alejandro"]
[Black "Valles Moreno, Ivan"]
[Result "1/2-1/2"]
[WhiteElo "2509"]
[BlackElo "2382"]
[PlyCount "94"]
[EventDate "2012.11.18"]
[EventRounds "14"]
[EventCountry "ESP"]
[Source "lmi"]
[SourceDate "2012.11.18"]
[WhiteTeam "64 Villalba"]
[BlackTeam "Amigos del Retiro"]
[WhiteTeamCountry "ESP"]
[BlackTeamCountry "ESP"]

1. d4 g6 2. Nf3 Bg7 3. c3 d6 4. Bf4 Nd7 5. e3 e5 6. Bg3 Nh6 7. Bc4 Nf5 8. Nbd2
Qe7 9. dxe5 dxe5 10. Ne4 O-O 11. Qe2 Nb6 12. Bb3 Bd7 13. Nfd2 Bc6 14. O-O Kh8
15. f3 Nxg3 16. Nxg3 f5 17. e4 Rad8 18. Rfd1 Na4 19. Nc4 f4 20. Nh1 b6 21. Nf2
Nc5 22. Na3 a5 23. Rxd8 Rxd8 24. Rd1 Bd7 25. Bc4 c6 26. Qd2 b5 27. Bf1 Bf6 28.
c4 b4 29. Nc2 Na4 30. Ne1 Be6 31. Qc2 Rxd1 32. Nxd1 Nc5 33. Qd2 Qd8 34. Qxd8+
Bxd8 35. Be2 Bb6 36. Kf1 a4 37. Nf2 a3 38. bxa3 bxa3 39. Nc2 Na4 40. Nd3 Nc3
41. Nxa3 Bc7 42. Ke1 Kg7 43. Bf1 Kf6 44. Kd2 Na4 45. Be2 Bd6 46. Nc2 Bc7 47.
Ncb4 Bxc4 1/2-1/2

[Event "Liga Madrileña - DH 2012-2013"]
[Site "Madrid ESP"]
[Date "2013.01.13"]
[Round "5.32"]
[White "Martin Rueda, Daniel"]
[Black "Huerga Leache, Mikel"]
[Result "0-1"]
[WhiteElo "2290"]
[BlackElo "2450"]
[PlyCount "112"]
[EventDate "2012.11.18"]
[EventRounds "14"]
[EventCountry "ESP"]
[Source "lmi"]
[SourceDate "2012.11.18"]
[WhiteTeam "Amigos del Retiro"]
[BlackTeam "64 Villalba"]
[WhiteTeamCountry "ESP"]
[BlackTeamCountry "ESP"]

1. d4 d5 2. c4 c6 3. Nf3 Nf6 4. e3 a6 5. Nc3 b5 6. b3 Bg4 7. h3 Bxf3 8. Qxf3 e5
9. dxe5 Bb4 10. Bd2 Bxc3 11. Bxc3 Ne4 12. Bb4 bxc4 13. Qg4 c5 14. f3 cxb4 15.
fxe4 O-O 16. exd5 cxb3 17. Bc4 b2 18. Rb1 Nd7 19. Qd4 Nxe5 20. O-O Qd6 21. Rxb2
Rfc8 22. Bb3 a5 23. Rc2 Rxc2 24. Bxc2 Rc8 25. Bb3 Rc5 26. Rd1 h6 27. Qf4 Rc3
28. Kh1 Kh7 29. Rf1 Kg8 30. Rd1 Rc5 31. Rf1 Rc3 32. Rd1 h5 33. Rf1 Rc7 34. Rd1
g6 35. Rf1 Kg7 36. Rd1 f6 37. Rf1 Nf7 38. Qd4 Ne5 39. Rd1 Rc5 40. Qf4 Nf7 41.
Qd4 Nh6 42. e4 Nf7 43. Rf1 Rc7 44. Qf2 Ng5 45. Qd4 Rc3 46. Qa7+ Qc7 47. Qd4 Qe5
48. Qxe5 fxe5 49. d6 Rc8 50. Bd5 h4 51. a3 b3 52. a4 b2 53. Kg1 Rc1 54. Ba2
Nxe4 55. d7 Ng3 56. Bc4 Rxf1+ 0-1

[Event "Liga Madrileña - DH 2012-2013"]
[Site "Madrid ESP"]
[Date "2013.01.13"]
[Round "5.33"]
[White "Bolado Saez, Sergio"]
[Black "Sanchez Gonzalez, Sergio"]
[Result "0-1"]
[WhiteElo "2388"]
[BlackElo "2295"]
[PlyCount "76"]
[EventDate "2012.11.18"]
[EventRounds "14"]
[EventCountry "ESP"]
[Source "lmi"]
[SourceDate "2012.11.18"]
[WhiteTeam "64 Villalba"]
[BlackTeam "Amigos del Retiro"]
[WhiteTeamCountry "ESP"]
[BlackTeamCountry "ESP"]

1. d4 Nf6 2. Nf3 e6 3. c4 d5 4. e3 Bb4+ 5. Nbd2 O-O 6. a3 Be7 7. b3 b6 8. Bd3
Bb7 9. Qc2 c5 10. cxd5 exd5 11. Bb2 Nbd7 12. Rc1 cxd4 13. Nxd4 Nc5 14. Bf5 a5
15. O-O g6 16. Bh3 Nfe4 17. Rfd1 Ng5 18. Bg4 f5 19. Be2 Rc8 20. Qb1 Bf6 21. b4
axb4 22. axb4 Nce6 23. N2b3 Qe7 24. b5 f4 25. Rxc8 Rxc8 26. h4 Ne4 27. Bg4 Nxd4
28. Bxd4 Bxh4 29. exf4 Rc4 30. g3 Bf6 31. Qa1 Rb4 32. Bxf6 Nxf6 33. Re1 Re4 34.
Rxe4 dxe4 35. Qd1 e3 36. Nd4 Nxg4 37. Qxg4 Qe4 38. Nf3 e2 0-1

[Event "Liga Madrileña - DH 2012-2013"]
[Site "Madrid ESP"]
[Date "2013.01.13"]
[Round "5.34"]
[White "Perez Gonzalez, Jose Manuel"]
[Black "Renteria Becerra, Jorge Elicer"]
[Result "0-1"]
[WhiteElo "2314"]
[BlackElo "2300"]
[PlyCount "66"]
[EventDate "2012.11.18"]
[EventRounds "14"]
[EventCountry "ESP"]
[Source "lmi"]
[SourceDate "2012.11.18"]
[WhiteTeam "Amigos del Retiro"]
[BlackTeam "64 Villalba"]
[WhiteTeamCountry "ESP"]
[BlackTeamCountry "ESP"]

1. e4 c5 2. Nf3 d6 3. d4 cxd4 4. Nxd4 Nf6 5. Nc3 g6 6. Be3 Bg7 7. f3 O-O 8. Qd2
Nc6 9. Bc4 Bd7 10. O-O-O Rc8 11. Bb3 Nxd4 12. Bxd4 b5 13. h4 a5 14. h5 a4 15.
Bxf6 exf6 16. Bd5 f5 17. hxg6 hxg6 18. g4 fxg4 19. Qh2 Re8 20. Qxd6 Be6 21.
Bxe6 Qxd6 22. Bxf7+ Kxf7 23. Rxd6 a3 24. Nd1 Be5 25. Ra6 Bf4+ 26. Kb1 Rh8 27.
Ra7+ Ke6 28. Rg1 g3 29. Rxa3 Rh2 30. c4 Rxc4 31. Rc3 Rd2 32. Rxc4 bxc4 33. a4
g2 0-1

[Event "Liga Madrileña - DH 2012-2013"]
[Site "Madrid ESP"]
[Date "2013.01.13"]
[Round "5.35"]
[White "Bermejo Arruego, Luis"]
[Black "Fernandez Garcia, Miguel Angel"]
[Result "0-1"]
[WhiteElo "2216"]
[BlackElo "2307"]
[PlyCount "72"]
[EventDate "2012.11.18"]
[EventRounds "14"]
[EventCountry "ESP"]
[Source "lmi"]
[SourceDate "2012.11.18"]
[WhiteTeam "64 Villalba"]
[BlackTeam "Amigos del Retiro"]
[WhiteTeamCountry "ESP"]
[BlackTeamCountry "ESP"]

1. e4 Nf6 2. e5 Nd5 3. c4 Nb6 4. d4 d6 5. exd6 cxd6 6. Nc3 g6 7. Be3 Bg7 8. Rc1
O-O 9. b3 Bf5 10. Nf3 Bg4 11. Be2 d5 12. c5 Nc8 13. b4 Nc6 14. b5 Na5 15. O-O
e6 16. Bf4 Ne7 17. Ne5 Bxe2 18. Qxe2 Nf5 19. Rfd1 f6 20. Nf3 Re8 21. g4 Nh6 22.
h3 Nf7 23. Na4 Nc4 24. Nd2 e5 25. dxe5 fxe5 26. Nxc4 exf4 27. Qf3 d4 28. Nd6
Nxd6 29. cxd6 Qxd6 30. Qxb7 Rab8 31. Qxa7 f3 32. Qc5 Qf4 33. Re1 Re2 34. Qc4+
Kh8 35. Rxe2 fxe2 36. Re1 Be5 0-1

[Event "Liga Madrileña - DH 2012-2013"]
[Site "Madrid ESP"]
[Date "2013.01.13"]
[Round "5.36"]
[White "Carretero Calzon, Abel"]
[Black "Ruano Marco, Javier"]
[Result "1-0"]
[WhiteElo "2145"]
[BlackElo "2174"]
[PlyCount "61"]
[EventDate "2012.11.18"]
[EventRounds "14"]
[EventCountry "ESP"]
[Source "lmi"]
[SourceDate "2012.11.18"]
[WhiteTeam "Amigos del Retiro"]
[BlackTeam "64 Villalba"]
[WhiteTeamCountry "ESP"]
[BlackTeamCountry "ESP"]

1. d4 Nf6 2. c4 g6 3. Nc3 Bg7 4. e4 d6 5. f3 O-O 6. Be3 Nc6 7. Qd2 a6 8. O-O-O
e5 9. d5 Nd4 10. Nge2 c5 11. dxc6 bxc6 12. Nxd4 exd4 13. Bxd4 Be6 14. g4 c5 15.
Be3 Qa5 16. Bh6 Bxh6 17. Qxh6 Nd7 18. h4 Ne5 19. h5 Ra7 20. Rxd6 Nxc4 21. hxg6
fxg6 22. Rxe6 Nxb2 23. Kxb2 Rb7+ 24. Kc2 Qb4 25. Rxg6+ hxg6 26. Qxg6+ Rg7 27.
Qe6+ Rff7 28. Bc4 Qb8 29. Nd5 Kf8 30. Rh8+ Rg8 31. Nf6 1-0

[Event "Liga Madrileña - DH 2012-2013"]
[Site "Madrid ESP"]
[Date "2013.01.13"]
[Round "5.41"]
[White "Ortega Ruiz, Jose Miguel"]
[Black "Alcazar Jimenez, Victor Manuel"]
[Result "1-0"]
[WhiteElo "2323"]
[BlackElo "2373"]
[PlyCount "75"]
[EventDate "2012.11.18"]
[EventRounds "14"]
[EventCountry "ESP"]
[Source "lmi"]
[SourceDate "2012.11.18"]
[WhiteTeam "Cafe Comercial"]
[BlackTeam "Blanco y Negro"]
[WhiteTeamCountry "ESP"]
[BlackTeamCountry "ESP"]

1. d4 Nf6 2. c4 e6 3. Nf3 Bb4+ 4. Nbd2 b6 5. g3 Bb7 6. Bg2 O-O 7. O-O Bxd2 8.
Bxd2 d6 9. b4 Nbd7 10. c5 Ne4 11. Rc1 Bd5 12. cxd6 cxd6 13. Bf4 Ndf6 14. Ne1
Rc8 15. f3 Nc3 16. Qd2 Nxa2 17. Rxc8 Qxc8 18. Bxd6 Rd8 19. Be7 Rd7 20. Bxf6
gxf6 21. Nd3 Qc4 22. Qh6 Nc3 23. Kh1 Nxe2 24. Nf2 Bxf3 25. Bxf3 Nxg3+ 26. Kg2
Qxf1+ 27. Kxg3 Qg1+ 28. Bg2 Qe1 29. Qxf6 Qe3+ 30. Bf3 Qxd4 31. Ng4 Kf8 32. Ne5
Qg1+ 33. Kh3 Qf1+ 34. Kg3 Qg1+ 35. Kh3 Re7 36. Bg4 Qe3+ 37. Kh4 Ke8 38. Qh8#
1-0

[Event "Liga Madrileña - DH 2012-2013"]
[Site "Madrid ESP"]
[Date "2013.01.13"]
[Round "5.42"]
[White "Alarcia Astriz, Carlos"]
[Black "Arruebarrena, Rafael"]
[Result "1/2-1/2"]
[WhiteElo "2335"]
[BlackElo "2245"]
[PlyCount "38"]
[EventDate "2012.11.18"]
[EventRounds "14"]
[EventCountry "ESP"]
[Source "lmi"]
[SourceDate "2012.11.18"]
[WhiteTeam "Blanco y Negro"]
[BlackTeam "Cafe Comercial"]
[WhiteTeamCountry "ESP"]
[BlackTeamCountry "ESP"]

1. e4 c5 2. Nf3 e6 3. d4 cxd4 4. Nxd4 Nc6 5. Nc3 Qc7 6. Be3 a6 7. Be2 Nf6 8.
O-O Bb4 9. Nxc6 bxc6 10. Na4 Rb8 11. Bd3 d5 12. exd5 cxd5 13. Qe2 O-O 14. Bd4
Bd6 15. Bxf6 gxf6 16. Qh5 f5 17. Qg5+ Kh8 18. Qf6+ Kg8 19. Qg5+ Kh8 1/2-1/2

[Event "Liga Madrileña - DH 2012-2013"]
[Site "Madrid ESP"]
[Date "2013.01.13"]
[Round "5.43"]
[White "Castellanos Vazquez, Jorge"]
[Black "Alcazar Jimenez, Jesus Alberto"]
[Result "1-0"]
[WhiteElo "2191"]
[BlackElo "2231"]
[PlyCount "75"]
[EventDate "2012.11.18"]
[EventRounds "14"]
[EventCountry "ESP"]
[Source "lmi"]
[SourceDate "2012.11.18"]
[WhiteTeam "Cafe Comercial"]
[BlackTeam "Blanco y Negro"]
[WhiteTeamCountry "ESP"]
[BlackTeamCountry "ESP"]

1. e4 c5 2. Nf3 e6 3. b3 Nc6 4. Bb5 Nge7 5. O-O a6 6. Bd3 Ng6 7. Re1 Qf6 8. c3
d6 9. Bf1 e5 10. d4 h6 11. d5 Nce7 12. g3 Bg4 13. Nbd2 Nc8 14. h3 Bd7 15. b4
Be7 16. a4 a5 17. bxc5 dxc5 18. Nc4 O-O 19. Rb1 Ra7 20. Bg2 Nd6 21. Rb6 Ra6 22.
Be3 Nxc4 23. Rxf6 Rxf6 24. Qb3 Nxe3 25. Rxe3 Rb8 26. Bf1 Bd8 27. h4 Bb6 28. Bc4
Bg4 29. Nd2 Rd8 30. Kg2 Ne7 31. f3 Bd7 32. Bb5 Bxb5 33. Qxb5 Nc8 34. Nc4 h5 35.
Re1 Na7 36. Qb2 Rdd6 37. Rb1 Nc8 38. Nxe5 1-0

[Event "Liga Madrileña - DH 2012-2013"]
[Site "Madrid ESP"]
[Date "2013.01.13"]
[Round "5.44"]
[White "Martinez Lozano, Miguel Angel"]
[Black "Hinojar Diez, David"]
[Result "1-0"]
[WhiteElo "2230"]
[BlackElo "2172"]
[PlyCount "65"]
[EventDate "2012.11.18"]
[EventRounds "14"]
[EventCountry "ESP"]
[Source "lmi"]
[SourceDate "2012.11.18"]
[WhiteTeam "Blanco y Negro"]
[BlackTeam "Cafe Comercial"]
[WhiteTeamCountry "ESP"]
[BlackTeamCountry "ESP"]

1. e4 e6 2. d4 d5 3. Nc3 Bb4 4. e5 c5 5. a3 Ba5 6. Bd2 cxd4 7. Nb5 Nc6 8. f4
Bc7 9. Nf3 Nge7 10. Bd3 a6 11. Nbxd4 Bd7 12. Qe2 Nxd4 13. Nxd4 Nc6 14. Nf3 Qe7
15. O-O h6 16. Qf2 Rb8 17. Be3 b5 18. Kh1 O-O 19. Bc5 Qd8 20. Bxf8 Qxf8 21. c3
Bb6 22. Qe2 Na5 23. b4 Nc4 24. Nd4 Rc8 25. f5 exf5 26. Bxf5 Bxf5 27. Rxf5 Qe7
28. Raf1 f6 29. Rxf6 Bxd4 30. cxd4 Ne3 31. Qxe3 gxf6 32. Rxf6 Qh7 33. h3 1-0

[Event "Liga Madrileña - DH 2012-2013"]
[Site "Madrid ESP"]
[Date "2013.01.13"]
[Round "5.46"]
[White "Mena Borras, Mario"]
[Black "Merlo Sapienza, Gustavo Adrian"]
[Result "1/2-1/2"]
[WhiteElo "2098"]
[BlackElo "1979"]
[PlyCount "87"]
[EventDate "2012.11.18"]
[EventRounds "14"]
[EventCountry "ESP"]
[Source "lmi"]
[SourceDate "2012.11.18"]
[WhiteTeam "Blanco y Negro"]
[BlackTeam "Cafe Comercial"]
[WhiteTeamCountry "ESP"]
[BlackTeamCountry "ESP"]

1. e4 c5 2. c4 Nc6 3. Nc3 g6 4. g3 Bg7 5. Bg2 d6 6. Nge2 e6 7. d3 Nge7 8. O-O
O-O 9. f4 f5 10. Rb1 Rb8 11. a3 Nd4 12. b4 b6 13. b5 a5 14. h3 Bb7 15. Kh2 d5
16. cxd5 exd5 17. e5 Ne6 18. d4 Qc7 19. Na4 c4 20. Nac3 Rbd8 21. Rf2 Rf7 22. a4
Bf8 23. Ba3 Rd7 24. Qh1 Qd8 25. Bd6 Rxd6 26. exd6 Qxd6 27. Qc1 Bg7 28. Qe3 Nc8
29. Rd1 Re7 30. Qf3 Nc7 31. Ng1 Qf6 32. Re2 Rd7 33. Qf1 Nd6 34. Nf3 Ne4 35. Qe1
Rd8 36. Ne5 Bf8 37. Nxe4 fxe4 38. Qf2 Bd6 39. h4 Bc8 40. Qf1 h5 41. Bh3 Bxh3
42. Qxh3 Qf5 43. Rg2 Ne6 44. Rgd2 1/2-1/2

[Event "Liga Madrileña - DH 2012-2013"]
[Site "Madrid ESP"]
[Date "2013.01.20"]
[Round "6.11"]
[White "Adan Bermudez, Sergio"]
[Black "Valles Moreno, Ivan"]
[Result "0-1"]
[WhiteElo "2285"]
[BlackElo "2382"]
[PlyCount "138"]
[EventDate "2012.11.18"]
[EventRounds "14"]
[EventCountry "ESP"]
[Source "lmi"]
[SourceDate "2012.11.18"]
[WhiteTeam "Pueblo Nuevo"]
[BlackTeam "Amigos del Retiro"]
[WhiteTeamCountry "ESP"]
[BlackTeamCountry "ESP"]

1. c4 e5 2. Nc3 Nc6 3. g3 f5 4. Bg2 Nf6 5. e3 e4 6. d3 Bb4 7. Nge2 Ne5 8. dxe4
fxe4 9. O-O Nf3+ 10. Kh1 Rf8 11. Nd5 Nxd5 12. Qxd5 Qe7 13. a3 c6 14. Qd1 Ba5
15. Nd4 d6 16. Nxf3 Bg4 17. h3 Bxf3 18. Bxf3 Rxf3 19. Kg2 O-O-O 20. b4 Bc7 21.
Ra2 d5 22. Rd2 Qg5 23. Qe1 Rdf8 24. Rg1 dxc4 25. Bb2 h5 26. h4 Qg4 27. Bd4 g5
28. Rh1 Rg8 29. hxg5 Rxg5 30. Rh3 h4 31. Qh1 b6 32. Rxh4 Rxg3+ 33. fxg3 Qf3+
34. Kg1 Rxg3+ 35. Qg2 Rxg2+ 36. Rxg2 Bg3 37. Rh8+ Kb7 38. Kh1 Ka6 39. Rh6 c3
40. Bxc3 Qxe3 41. Bd2 Qf3 42. Rh7 e3 43. Bxe3 Qxe3 44. Rh3 Qe1+ 45. Rg1 Qe4+
46. Rg2 Be5 47. Rh5 Bd4 48. Kh2 Qf3 49. Rhg5 Be5+ 50. Kg1 Bd4+ 51. Kh2 Be5+ 52.
Kg1 Qd1+ 53. Kf2 Qd2+ 54. Kf3 Qf4+ 55. Ke2 Qe4+ 56. Kf2 Bb2 57. R2g3 Bf6 58.
R5g4 Qc2+ 59. Kf1 Be5 60. Rf3 Qd1+ 61. Kf2 Kb5 62. Re4 Qd2+ 63. Kf1 Bd4 64. Re6
c5 65. bxc5 bxc5 66. Re7 c4 67. Rb7+ Bb6 68. a4+ Ka6 69. Rff7 Qd3+ 0-1

[Event "Liga Madrileña - DH 2012-2013"]
[Site "Madrid ESP"]
[Date "2013.01.20"]
[Round "6.13"]
[White "Navarro Nicolas, Victor Manuel"]
[Black "Martin Rueda, Daniel"]
[Result "0-1"]
[WhiteElo "2211"]
[BlackElo "2290"]
[PlyCount "80"]
[EventDate "2012.11.18"]
[EventRounds "14"]
[EventCountry "ESP"]
[Source "lmi"]
[SourceDate "2012.11.18"]
[WhiteTeam "Pueblo Nuevo"]
[BlackTeam "Amigos del Retiro"]
[WhiteTeamCountry "ESP"]
[BlackTeamCountry "ESP"]

1. d4 d5 2. c4 c6 3. Nf3 Nf6 4. Nc3 dxc4 5. a4 Bf5 6. Ne5 Nbd7 7. Nxc4 Qc7 8.
g3 e5 9. dxe5 Nxe5 10. Bf4 Nfd7 11. Bg2 f6 12. O-O O-O-O 13. Rc1 Nc5 14. Qe1
Nb3 15. Nb5 Qe7 16. Qc3 Nxc1 17. Rxc1 Qc5 18. Bxe5 fxe5 19. b4 Qe7 20. Nxe5
Qxb4 21. Qf3 Be4 22. Qxe4 Qxe4 23. Bxe4 a6 24. Bf5+ Kb8 25. Nc3 Bb4 26. Ne4 g6
27. Bh3 Rd4 28. Rc4 Rxc4 29. Nxc4 Rd8 30. e3 Rd1+ 31. Kg2 Ra1 32. Nf6 Rxa4 33.
Nxh7 Bc3 34. Be6 Kc7 35. f4 b5 36. Ne5 Bxe5 37. fxe5 Re4 38. Kf3 Rxe5 39. Nf8
b4 40. Kf4 Kd6 0-1

[Event "Liga Madrileña - DH 2012-2013"]
[Site "Madrid ESP"]
[Date "2013.01.20"]
[Round "6.14"]
[White "Sanchez Gonzalez, Sergio"]
[Black "Barez Menendez, Hector"]
[Result "1/2-1/2"]
[WhiteElo "2295"]
[BlackElo "2163"]
[PlyCount "109"]
[EventDate "2012.11.18"]
[EventRounds "14"]
[EventCountry "ESP"]
[Source "lmi"]
[SourceDate "2012.11.18"]
[WhiteTeam "Amigos del Retiro"]
[BlackTeam "Pueblo Nuevo"]
[WhiteTeamCountry "ESP"]
[BlackTeamCountry "ESP"]

1. c4 e6 2. g3 d5 3. Bg2 Nf6 4. Nf3 Be7 5. O-O O-O 6. d4 dxc4 7. Qc2 a6 8. Qxc4
b5 9. Qc2 Bb7 10. Bd2 Be4 11. Qc1 Bb7 12. Bf4 Bd6 13. Nc3 c5 14. Rd1 Bxf4 15.
Qxf4 cxd4 16. Rxd4 Qe7 17. e4 Nc6 18. Rdd1 Rad8 19. e5 Nd5 20. Nxd5 Rxd5 21.
Rxd5 exd5 22. Re1 Nb4 23. Re3 Rc8 24. Nd4 Rc4 25. e6 fxe6 26. Bh3 Bc8 27. Qb8
Kf7 28. Bxe6+ Bxe6 29. Rxe6 Qd7 30. Qf4+ Kg8 31. Rd6 Qe7 32. Rb6 Qe1+ 33. Kg2
Qe4+ 34. Qxe4 dxe4 35. Nf5 Rc2 36. a3 Nd3 37. Rb8+ Kf7 38. Nd6+ Ke6 39. Nxe4
Rxb2 40. Rd8 Ne1+ 41. Kf1 Nc2 42. Nc5+ Ke7 43. Rd7+ Kf6 44. Rd6+ Kf7 45. Rxa6
Ra2 46. Ra7+ Kf6 47. Ne4+ Kg6 48. Nc3 Ra1+ 49. Ke2 Rxa3 50. Nxb5 Nd4+ 51. Nxd4
Rxa7 52. Kf3 Ra3+ 53. Kg2 Rd3 54. Ne2 Kf6 55. h4 1/2-1/2

[Event "Liga Madrileña - DH 2012-2013"]
[Site "Madrid ESP"]
[Date "2013.01.20"]
[Round "6.15"]
[White "Nieto de la Cruz, Julio"]
[Black "Perez Gonzalez, Jose Manuel"]
[Result "0-1"]
[WhiteElo "2111"]
[BlackElo "2314"]
[PlyCount "84"]
[EventDate "2012.11.18"]
[EventRounds "14"]
[EventCountry "ESP"]
[Source "lmi"]
[SourceDate "2012.11.18"]
[WhiteTeam "Pueblo Nuevo"]
[BlackTeam "Amigos del Retiro"]
[WhiteTeamCountry "ESP"]
[BlackTeamCountry "ESP"]

1. Nf3 g6 2. d4 Nf6 3. Bf4 Bg7 4. e3 O-O 5. Be2 b6 6. h4 Bb7 7. Nc3 d6 8. Qd2
Nbd7 9. O-O-O a6 10. h5 Nxh5 11. Rxh5 gxh5 12. Rh1 e5 13. Bg3 e4 14. Ng1 Nf6
15. Qd1 c5 16. Bxh5 cxd4 17. exd4 Rc8 18. Nh3 Rxc3 19. bxc3 Qc7 20. Ng5 h6 21.
Bxf7+ Rxf7 22. Nxf7 Kxf7 23. Kd2 e3+ 24. Kxe3 Nd5+ 25. Kd3 Qxc3+ 26. Ke2 Qxg3
27. fxg3 Nc3+ 28. Kf2 Nxd1+ 29. Rxd1 Bd5 30. a3 b5 31. Rd2 Bf6 32. Rd1 Be4 33.
Rd2 Ke6 34. c3 Kd5 35. Re2 Bg5 36. Ke1 Bc1 37. a4 Bd3 38. Ra2 Bc4 39. Rc2 Bg5
40. axb5 Bxb5 41. Ra2 Kc4 42. Ra3 Bc1 0-1